[Event "Lag-NM Finale 1998"]
[Site "Oslo NOR"]
[Date "1998.05.22"]
[Round "5"]
[White "Gausel, Einar"]
[Black "Øgaard, Leif"]
[Result "1-0"]
[WhiteElo "2562"]
[BlackElo "2408"]
[PlyCount "93"]
[EventDate "1998.05.20"]
[WhiteTeam "O.S.S."]
[BlackTeam "Follo"]

1. c4 e6 2. d4 Nf6 3. Nf3 Bb4+ 4. Bd2 Qe7 5. g3 O-O 6. Bg2 Bxd2+ 7. Qxd2 d6 8.
Nc3 e5 9. O-O Re8 10. e4 Bg4 11. Ne1 a5 12. Nc2 Na6 13. f4 Bd7 14. Rad1 c6 15.
Kh1 Rad8 16. Qf2 Ng4 17. Qg1 Nb4 18. Ne1 Bc8 19. a3 Na6 20. Nf3 f6 21. h3 Nh6
22. Rd2 Nf7 23. Rfd1 Qc7 24. Qf2 Qb6 25. Kh2 exd4 26. Nxd4 Nc5 27. Bf3 a4 28.
Kg2 Be6 29. Nxe6 Rxe6 30. Bh5 g6 31. f5 gxf5 32. Bxf7+ Kxf7 33. Qxf5 Rg8 34.
Qxh7+ Rg7 35. Qh5+ Ke7 36. Qh6 Kf7 37. Qh5+ Ke7 38. Qf3 Qb3 39. Qf4 Qxc4 40.
Rxd6 Kf7 41. R1d4 Qa6 42. e5 Rg6 43. Qh4 Rxd6 44. Rxd6 Ne6 45. Qh7+ Ng7 46.
Rd7+ Ke6 47. Qxg6 1-0

[Event "Lag-NM Finale 1998"]
[Site "Oslo NOR"]
[Date "1998.05.22"]
[Round "5"]
[White "Dannevig, Øistein"]
[Black "Solem, Trond"]
[Result "1-0"]
[WhiteElo "2315"]
[BlackElo "2069"]
[PlyCount "41"]
[EventDate "1998.05.20"]
[WhiteTeam "O.S.S."]
[BlackTeam "Follo"]

1. Nf3 f5 2. e4 fxe4 3. Ng5 Nf6 4. d3 g6 5. dxe4 e6 6. Bd3 Nc6 7. f4 Bc5 8. e5
Nd5 9. h4 Be7 10. Nxh7 Bxh4+ 11. Kf1 d6 12. Qg4 Be7 13. Bxg6+ Kd7 14. Bf7 Nd4
15. c3 Nf5 16. Bxe6+ Kxe6 17. Rh6+ Kd7 18. Qxf5+ Kc6 19. Qe4 Qg8 20. c4 Bf8 21.
Nf6 1-0

[Event "Lag-NM Finale 1998"]
[Site "Oslo NOR"]
[Date "1998.05.22"]
[Round "5"]
[White "Ådnøy, Hallvard V"]
[Black "Bjerke, Richard"]
[Result "1-0"]
[WhiteElo "1924"]
[BlackElo "2285"]
[PlyCount "84"]
[EventDate "1998.05.20"]
[WhiteTeam "Follo"]
[BlackTeam "O.S.S."]

1. e4 c5 2. Nf3 Nc6 3. Nc3 g6 4. d4 cxd4 5. Nxd4 Bg7 6. Nb3 Nf6 7. Be2 O-O 8.
O-O d6 9. Bg5 a6 10. Re1 b5 11. Bf1 Bb7 12. Qd2 Re8 13. a4 b4 14. Nd5 Nd7 15.
Nxb4 Bxb2 16. Ra2 Bg7 17. Nxc6 Bxc6 18. Na5 Ne5 19. h3 Bd7 20. Ra3 Qc7 21. f4
Qc5+ 22. Rae3 Nc6 23. Nb3 Qb4 24. Qd3 Qxa4 25. e5 Bf5 26. Qe2 dxe5 27. fxe5 Nb4
28. Nd4 Bd7 29. Re4 Qa5 30. Bd2 Qc5 31. Be3 Qd5 32. Bf2 Rac8 33. c4 Qb7 34. e6
Bxe6 35. Nxe6 fxe6 36. Rxe6 Bf6 37. Rb6 Qd7 38. Rxb4 Bc3 39. Rd1 Qf5 40. Rb3
Bf6 41. Rd5 Qf4 42. Rf3 Qc7 1-0

[Event "Lag-NM Finale 1998"]
[Site "Oslo NOR"]
[Date "1998.05.22"]
[Round "5"]
[White "Sondresen, Per"]
[Black "Hoen, Ragnar"]
[Result "0-1"]
[WhiteElo "1771"]
[BlackElo "2294"]
[PlyCount "67"]
[EventDate "1998.05.20"]
[WhiteTeam "Follo"]
[BlackTeam "O.S.S."]

1. d4 d5 2. Nf3 Nf6 3. Bf4 e6 4. e3 Be7 5. h3 O-O 6. Nbd2 b6 7. Bd3 c5 8. c3
Bb7 9. Rc1 Nc6 10. Ne5 Nxe5 11. dxe5 Ne4 12. Qc2 f5 13. exf6 Nxf6 14. Be5 Qe8
15. O-O Qh5 16. f4 c4 17. Nxc4 dxc4 18. Bxc4 Bd5 19. Be2 Qf5 20. Qa4 Bc5 21.
Bd4 Rab8 22. g4 Qg6 23. Kh2 b5 24. Qa5 Bxd4 25. cxd4 Qe4 26. Bf3 Qxe3 27. Bxd5
Nxd5 28. Qe1 Qxe1 29. Rfxe1 Nxf4 30. Rc7 h6 31. g5 hxg5 32. Rg1 Rbc8 33. Rxc8
Rxc8 34. Rxg5 0-1

[Event "Lag-NM Finale 1998"]
[Site "Oslo NOR"]
[Date "1998.05.23"]
[Round "6"]
[White "Semakoff, Aleks"]
[Black "Indbryn, Tommy"]
[Result "1-0"]
[WhiteElo "2088"]
[BlackElo "2092"]
[PlyCount "55"]
[EventDate "1998.05.20"]
[WhiteTeam "Follo"]
[BlackTeam "Kirkenes"]

1. e4 c5 2. Nf3 d6 3. d4 cxd4 4. Nxd4 Nf6 5. Nc3 a6 6. a4 g6 7. Be2 Bg7 8. O-O
O-O 9. Be3 Nc6 10. f4 Qc7 11. Kh1 Na5 12. Qd3 e5 13. Nb3 Rd8 14. f5 Nxb3 15.
cxb3 d5 16. Bg5 dxe4 17. Qg3 Qb6 18. fxg6 fxg6 19. Bc4+ Kh8 20. Qxe5 Bf5 21.
Qf4 Re8 22. Bxf6 Qxf6 23. g4 b5 24. axb5 axb5 25. Rxa8 Rxa8 26. Bd5 Rd8 27.
gxf5 b4 28. Nxe4 1-0

[Event "Lag-NM Finale 1998"]
[Site "Oslo NOR"]
[Date "1998.05.23"]
[Round "6"]
[White "Schølseth, Tor Kristian"]
[Black "Solem, Trond"]
[Result "1-0"]
[WhiteElo "2146"]
[BlackElo "2069"]
[PlyCount "55"]
[EventDate "1998.05.20"]
[WhiteTeam "Kirkenes"]
[BlackTeam "Follo"]

1. d4 f5 2. g3 Nf6 3. Bg2 g6 4. Nh3 Bg7 5. Nf4 O-O 6. h4 d6 7. d5 c6 8. c4 Ne4
9. Nd2 Nxd2 10. Qxd2 Qe8 11. h5 g5 12. h6 Bf6 13. Nh5 Bd7 14. Nxf6+ exf6 15.
Qb4 b5 16. Qxd6 bxc4 17. Qc5 Qe5 18. Qxc4 Rc8 19. f4 Qd6 20. Be3 c5 21. fxg5
Qxg3+ 22. Kd2 Qxg2 23. Rh4 f4 24. Rxf4 f5 25. Rg1 Qh2 26. Qc3 Kf8 27. Qg7+ Ke8
28. d6 1-0

[Event "Lag-NM Finale 1998"]
[Site "Oslo NOR"]
[Date "1998.05.23"]
[Round "6"]
[White "Ådnøy, Hallvard V"]
[Black "Bjørnstad, Leif"]
[Result "1/2-1/2"]
[WhiteElo "1924"]
[BlackElo "1543"]
[PlyCount "109"]
[EventDate "1998.05.20"]
[WhiteTeam "Follo"]
[BlackTeam "Kirkenes"]

1. e4 c5 2. Nf3 e6 3. d3 Nf6 4. g3 Be7 5. Bg2 O-O 6. O-O Qc7 7. Nbd2 d6 8. c3
Bd7 9. Re1 Bc6 10. d4 Rd8 11. Qe2 e5 12. b4 cxb4 13. cxb4 a6 14. a4 b5 15. a5
exd4 16. Nxd4 Bb7 17. Bb2 Nbd7 18. Rac1 Qb8 19. Nf5 Bf8 20. f4 Re8 21. Qd1 g6
22. Ne3 Qa7 23. Kh1 Nxe4 24. Nxe4 Bxe4 25. Bxe4 Rxe4 26. Nd5 Rxe1+ 27. Qxe1 Qb7
28. Qe4 Qb8 29. Rc7 Qe8 30. Qd4 Qe1+ 31. Kg2 Qe2+ 32. Qf2 Qe6 33. Rxd7 Qxd5+
34. Qf3 Qd2+ 35. Kh3 Re8 36. Qb3 Re6 37. Qc3 Qxc3 38. Bxc3 Re4 39. Rc7 d5 40.
Bf6 Re6 41. Bd4 f6 42. Bc5 Bxc5 43. bxc5 d4 44. Rd7 Rc6 45. Rxd4 Rxc5 46. Rd6
b4 47. Rxa6 b3 48. Rb6 Rxa5 49. Rxb3 Ra7 50. Rb6 Kg7 51. Kg4 Rc7 52. Re6 Kf7
53. Re3 Rc2 54. Kh3 Rd2 55. g4 1/2-1/2

[Event "Lag-NM Finale 1998"]
[Site "Oslo NOR"]
[Date "1998.05.23"]
[Round "6"]
[White "Sondresen, Per"]
[Black "Fløtten, Øystein"]
[Result "0-1"]
[WhiteElo "1771"]
[BlackElo "1571"]
[PlyCount "98"]
[EventDate "1998.05.20"]
[WhiteTeam "Follo"]
[BlackTeam "Kirkenes"]

1. d4 Nf6 2. Nf3 g6 3. c4 Bg7 4. Nc3 O-O 5. e4 d6 6. h3 e5 7. d5 Na6 8. Bg5 Qe8
9. Qd2 Nc5 10. Qc2 a5 11. Be3 Nh5 12. Nb5 Qe7 13. g3 f5 14. Bxc5 dxc5 15. Bd3
Ra6 16. Nc3 Raf6 17. Ng5 h6 18. Ne6 Bxe6 19. dxe6 Qxe6 20. O-O-O Bh8 21. Be2
Ng7 22. h4 c6 23. f3 Qe7 24. Qa4 b6 25. Qc2 Ne6 26. Qd2 Bg7 27. Qd6 Qxd6 28.
Rxd6 Nd4 29. Rxf6 Rxf6 30. Bd1 h5 31. Rf1 Bh6+ 32. Kb1 Be3 33. f4 exf4 34. e5
fxg3 35. exf6 g2 36. Re1 g1=Q 37. Rxg1 Bxg1 38. Na4 f4 39. Nxb6 f3 40. Bxf3
Nxf3 41. Nd7 Bf2 42. a4 Nd2+ 43. Kc2 Nxc4 44. Kc3 Nxb2 45. Kxb2 Bxh4 46. Kc3
Be1+ 47. Kc4 h4 48. Ne5 h3 49. Ng4 Bg3 0-1

[Event "Lag-NM Finale 1998"]
[Site "Oslo NOR"]
[Date "1998.05.24"]
[Round "7"]
[White "Øgaard, Leif"]
[Black "Djurhuus, Rune"]
[Result "0-1"]
[WhiteElo "2408"]
[BlackElo "2497"]
[PlyCount "100"]
[EventDate "1998.05.20"]
[WhiteTeam "Follo"]
[BlackTeam "ASKO"]

1. Nf3 c5 2. e4 d6 3. Bb5+ Nd7 4. c3 Ngf6 5. Qe2 a6 6. Ba4 e5 7. O-O Be7 8. d4
O-O 9. Rd1 Qc7 10. Bb3 b5 11. Nbd2 Bb7 12. d5 c4 13. Bc2 Nc5 14. Nf1 h6 15. h3
Bc8 16. N3h2 Nh7 17. f4 exf4 18. Bxf4 Bg5 19. Bg3 Re8 20. Qf3 Bf6 21. h4 Qe7
22. Qf2 b4 23. e5 Bxe5 24. Bxe5 dxe5 25. cxb4 Nb7 26. Ne3 Qxb4 27. Bxh7+ Kxh7
28. Qxf7 Nd6 29. Qc7 Rb8 30. a3 Qb6 31. Qxb6 Rxb6 32. Rac1 Rxb2 33. Nxc4 Nxc4
34. Rxc4 Rd8 35. Nf3 Bb7 36. Rc5 e4 37. Ne5 e3 38. Nc6 Rd2 39. Re1 R8xd5 40.
Rxd5 Rxd5 41. Nb4 Rd2 42. Rxe3 a5 43. Nd3 Rxg2+ 44. Kf1 Rh2 45. Nc5 Bd5 46. Re7
Rxh4 47. Ra7 Rh5 48. Rxa5 Bc6 49. Kf2 Rd5 50. Ke3 h5 0-1

[Event "Lag-NM Finale 1998"]
[Site "Oslo NOR"]
[Date "1998.05.24"]
[Round "7"]
[White "Elsness, Frode"]
[Black "Haugli, Petter"]
[Result "1-0"]
[WhiteElo "2338"]
[BlackElo "2299"]
[PlyCount "57"]
[EventDate "1998.05.20"]
[WhiteTeam "ASKO"]
[BlackTeam "Follo"]

1. d4 Nf6 2. c4 c5 3. d5 b5 4. cxb5 g6 5. Nc3 a6 6. e4 d6 7. bxa6 Bg7 8. Bb5+
Nfd7 9. Nf3 O-O 10. O-O Nxa6 11. Re1 Qa5 12. a4 Nc7 13. Bd2 Qa7 14. Bc6 Rb8 15.
Nb5 Nxb5 16. axb5 Qc7 17. Ba5 Nb6 18. Nd2 Bxb2 19. Ra4 Bd4 20. Nc4 e5 21. dxe6
fxe6 22. Re2 Rxf2 23. Rxf2 Bxf2+ 24. Kxf2 Qf7+ 25. Qf3 Qxf3+ 26. gxf3 Nxa4 27.
Bc7 Rb7 28. Bxb7 Bxb7 29. Nxd6 1-0

[Event "Lag-NM Finale 1998"]
[Site "Oslo NOR"]
[Date "1998.05.24"]
[Round "7"]
[White "Semakoff, Aleks"]
[Black "Grønn, Atle"]
[Result "0-1"]
[WhiteElo "2088"]
[BlackElo "2333"]
[PlyCount "72"]
[EventDate "1998.05.20"]
[WhiteTeam "Follo"]
[BlackTeam "ASKO"]

1. e4 d6 2. d4 g6 3. Nc3 c6 4. Be3 Bg7 5. Qd2 b5 6. Bd3 Nd7 7. Nf3 Nb6 8. d5 b4
9. Ne2 cxd5 10. Qxb4 Nf6 11. e5 Ne4 12. Bd4 O-O 13. exd6 Qxd6 14. Qxd6 Nxd6 15.
Bxg7 Kxg7 16. O-O f6 17. a4 e5 18. Nd2 Rb8 19. Nc3 Nbc4 20. Bxc4 Nxc4 21. Nxc4
dxc4 22. Rab1 Bf5 23. Rfc1 Rfd8 24. b4 cxb3 25. Rxb3 Rbc8 26. f3 a5 27. g4 Be6
28. Rb7+ Rd7 29. Rxd7+ Bxd7 30. Nb5 Rc4 31. Kf2 Rxa4 32. c4 Rb4 33. Nd6 Bc6 34.
c5 Rb2+ 35. Kg3 Rb3 36. Rf1 Rc3 0-1

[Event "Lag-NM Finale 1998"]
[Site "Oslo NOR"]
[Date "1998.05.24"]
[Round "7"]
[White "Bergstad, Odd Ø"]
[Black "Solem, Trond"]
[Result "0-1"]
[WhiteElo "2091"]
[BlackElo "2069"]
[PlyCount "152"]
[EventDate "1998.05.20"]
[WhiteTeam "ASKO"]
[BlackTeam "Follo"]

1. c4 b6 2. Nf3 Bb7 3. g3 Bxf3 4. exf3 e6 5. Bg2 Nf6 6. O-O Be7 7. d4 d5 8. b3
O-O 9. Bb2 Nbd7 10. Nc3 a5 11. f4 c6 12. f5 exf5 13. cxd5 cxd5 14. Nxd5 Nxd5
15. Bxd5 Rc8 16. Qd3 Nf6 17. Bg2 g6 18. d5 Ne8 19. Rac1 Bc5 20. Bf3 Nd6 21. Kg2
Qd7 22. a3 Nb5 23. b4 axb4 24. axb4 Bxb4 25. Be2 Nc7 26. Bf3 Bc5 27. Qc3 f6 28.
Qb3 Qd6 29. Rfd1 Kg7 30. Rc2 Rfe8 31. Qa4 g5 32. Kg1 Re7 33. Qc6 Rd8 34. Rcd2
Kg6 35. Kf1 h5 36. Qxd6 Rxd6 37. Ra1 g4 38. Bg2 Bb4 39. Rd3 Ba5 40. Rad1 Bb4
41. h4 Bc5 42. Bc1 Nb5 43. Bf4 Re5 44. Rb1 Nd4 45. Rbd1 Nb5 46. Rb1 Nc7 47. Ra1
Ne6 48. Bxe5 fxe5 49. Ra8 Nd4 50. Rd1 e4 51. Rg8+ Kf6 52. Rg5 Ke5 53. Rxh5 Rf6
54. Re1 Kd6 55. Rg5 b5 56. h5 Rf8 57. h6 Nc2 58. Re2 Nd4 59. Re1 b4 60. h7 Rh8
61. Rh5 b3 62. Rb1 Kxd5 63. Ke1 Bb4+ 64. Kd1 Bc3 65. Bf1 b2 66. Ba6 Kc5 67. Bc8
Kc4 68. Bxf5 Nxf5 69. Rxf5 Rxh7 70. Kc2 Rd7 71. Rh1 Rd2+ 72. Kb1 Kd3 73. Rf4
Bd4 74. Rf1 Rxf2 75. R4xf2 Bxf2 76. Rxf2 e3 0-1

[Event "Lag-NM Finale 1998"]
[Site "Oslo NOR"]
[Date "1998.05.24"]
[Round "7"]
[White "Sæther, Øystein"]
[Black "Sondresen, Per"]
[Result "1-0"]
[WhiteElo "2014"]
[BlackElo "1771"]
[PlyCount "93"]
[EventDate "1998.05.20"]
[WhiteTeam "ASKO"]
[BlackTeam "Follo"]

1. d4 d5 2. Nf3 Nf6 3. Bf4 e6 4. e3 Be7 5. Bd3 O-O 6. Nbd2 Nbd7 7. Ne5 c5 8. c3
Qa5 9. Qf3 c4 10. Bc2 Qb6 11. Rb1 Qa6 12. a3 b5 13. Qh3 Re8 14. Ndf3 Nf8 15.
Ng5 Ng6 16. Ngxf7 Nxe5 17. Nxe5 Qb7 18. f3 g6 19. Bxg6 hxg6 20. Nxg6 Nh7 21.
Be5 Bg5 22. f4 Qf7 23. Nh8 Qf5 24. Qxf5 exf5 25. fxg5 Rxe5 26. dxe5 Kxh8 27. h4
Kg7 28. b3 a6 29. bxc4 dxc4 30. Rd1 Ra7 31. Rd8 Be6 32. Ke2 Rd7 33. Ra8 Rd5 34.
Ra7+ Kg8 35. g6 Nf8 36. h5 Rxe5 37. h6 Nxg6 38. Rg7+ Kh8 39. Rxg6 f4 40. Rh4
Rxe3+ 41. Kf2 Bf5 42. Rxf4 Bxg6 43. Kxe3 Kh7 44. Rf6 Kxh6 45. Rxa6 Kg5 46. Kd4
Bc2 47. Kc5 1-0

[Event "NM-trening 2013"]
[Site "Oslo NOR"]
[Date "2013.06.15"]
[Round "2"]
[White "Heier, Odin Nikolai"]
[Black "Garmark, Vegard"]
[Result "1-0"]
[WhiteElo "1302"]
[BlackElo "1182"]
[Annotator "Lea, Per"]
[PlyCount "65"]
[EventDate "2013.06.15"]

1. e4 c5 2. Nf3 d6 3. c3 Nf6 4. Be2 e5 ({Ikke} 4... Nxe4 $4 5. Qa4+ {1-0}) 5.
O-O Be7 6. d3 Nc6 7. Be3 O-O 8. Nbd2 Ng4 9. Nc4 (9. Ne1 Nxe3 10. fxe3 b5) 9...
b5 10. Ncd2 f5 $2 (10... Be6 11. a4 a6 {og svart står en smule bedre}) 11. h3 (
11. Qb3+ Kh8 12. exf5 Bxf5 13. Qxb5 Qc7 14. Qa4 {
og hvit har vunnet en bonde, men svart står greit nok}) 11... Nxe3 12. fxe3 f4
({Bedre alternativer:} 12... Be6 13. d4 cxd4 14. cxd4 exd4 15. exf5 Rxf5 16.
Bd3 $15) ({og} 12... Rb8 13. a4 b4) 13. exf4 Rxf4 (13... exf4 {
er trolig bedre, selv om hvit også her vinner en bonde} 14. Qb3+ Kh8 15. Qxb5
Bd7 {med lik stilling}) 14. Qb3+ {Nå går fordelen over til hvit} Kh8 15. Qxb5
Qb6 $2 ({Svart skal ikke bytte dronninger, men heller prøve å utnytte den
hvite madamens noe utsatte stilling} 15... Bd7 16. Qa6 {
selv om også her står hvit noe bedre}) 16. a4 $2 {
Hvit, derimot, bør absolutt bytte dronninger!} (16. Qxb6 axb6 17. Nc4 Rb8 {
med fordel for hvit}) 16... Bd7 $2 17. Nc4 $2 {
Hvits fordel er kun bagatellmessig} Qc7 18. Qb3 Be6 19. Nfd2 Raf8 20. Qc2 Qc8
21. Kh2 $4 {Hvit tror han hindrer offer på h3...} (21. Ne3 Bh4 22. Nd5 Bxd5 23.
Rxf4 exf4 24. exd5 Ne7 $14) 21... Bg5 $2 {
Gir bort en bonde til - og nå uten kompensasjoon} (21... Bxh3 22. gxh3 Rf2+ 23.
Kg1 (23. Kg3 $4 Bh4+ $1 24. Kxh4 Qd8+ 25. Kg3 Qg5+ 26. Bg4 Qf4+ 27. Kh4 Rf6 28.
Rxf2 Rh6#) 23... Qxh3 24. Rxf2 Rxf2 25. Kxf2 Bh4+ 26. Kg1 Qg3+ 27. Kh1 Qh3+ {
Remis}) 22. Nxd6 Qd7 23. N2c4 {Hvit tillater nok en gang offeret på h3!} (23.
Nf5 g6 24. Ne3 {beholder frordelen for hvit}) 23... Rf2 $2 (23... Bxh3 24. Kg1
(24. gxh3 Rf2+ {med samme variant som over}) 24... Be6 {
med bare ørliten fordel for hvit}) 24. Rxf2 Rxf2 25. Kg1 Rxg2+ $4 {
En feilaktig kombinasjon} (25... Rf6 {
er verdt et forsøk, men hvit står fremdeles klart best}) 26. Kxg2 Bxh3+ 27. Kh1
Bf4 28. Qb3 {Slipper taket litt, men hvit står fremdeles til vinst} ({Etter} 
28. Bf1 {har svart ingen flere piler i koggeret}) 28... Qe7 29. Nxe5 $1 Be6 (
29... Nxe5 $4 30. Qb8+ {med matt i neste}) (29... Qxe5 $4 30. Nf7+ Kg8 31. Nh6+
Kh8 32. Qg8#) (29... Bxe5 $4 30. Nf7+ Kg8 31. Nh6+ Kf8 32. Qg8#) 30. Nf5 Qe8 (
30... Bxb3 31. Nxe7 Nxe5 32. d4 cxd4 33. cxd4 Bg5 34. Nf5) 31. Nxg7 $4 ({Etter
} 31. Qb5 {beholder hvit vinststillingen. Nå er det plustelig remis!}) 31...
Kxg7 $4 {... men ikke nå lenger...} (31... Qd8 {er remis:} 32. Nxe6 (32. Nf7+
Bxf7 33. Qxf7 Qh4+ 34. Kg1 Qh2+ 35. Kf1 Qh1+ 36. Kf2 Qh4+ 37. Kf1 {Remis} (37.
Kf3 $4 Qg3#) 37... Qh1+) 32... Qh4+ 33. Kg2 Qh2+ 34. Kf1 Qh1+ 35. Kf2 Qh4+ 36.
Kg2 Qh2+ 37. Kf1 Qh1+ 38. Kf2 Qh4+ 39. Kg2 {Remis}) 32. Qb7+ $18 Kh6 33. Qxc6 {
og svart ga opp en håpløs stilling som for 2 trekk siden var remis...} 1-0

[Event "Landsturneringen 2023 - Mester"]
[Site "Oslo NOR"]
[Date "2023.07.06"]
[Round "7"]
[White "Aamodt, Peder Marcus"]
[Black "Hansen, Olaf Espeland"]
[Result "0-1"]
[WhiteElo "2077"]
[BlackElo "2126"]
[PlyCount "166"]
[EventDate "2023.07.01"]

1. e4 c6 2. d4 d5 3. e5 Bf5 4. h4 h5 5. c4 dxc4 6. Bxc4 e6 7. Nc3 Nd7 8. Nge2 Ne7 9. Ng3 Bg6 10. Bg5 Qb6 11. Qd2 O-O-O 12. Be3 Qb4 13. Nce4 Qxd2+ 14. Bxd2 Nf5 15. Bc3 Nb6 16. Nxf5 Nxc4 17. Nfg3 Be7 18. a4 Nb6 19. f3 Nd5 20. Kf2 f6 21. Bd2 Nb4 22. Bxb4 Bxb4 23. Ke3 fxe5 24. dxe5 Rd5 25. Rac1 Rxe5 26. Ne2 Rd8 27. N2c3 Bc5+ 28. Kf4 Rf5+ 29. Kg3 Be3 30. Rc2 Bf4+ 31. Kf2 Bc7 32. b4 Kb8 33. Re2 Rff8 34. Nc5 Bf7 35. N3e4 e5 36. Ng5 Bc4 37. Rc2 Bd3 38. Rc3 e4 39. Nge6 Be5 40. Rxd3 exd3 41. Nxf8 Bd4+ 42. Ke1 Bxc5 43. bxc5 Rxf8 44. Kd2 Rf4 45. Kxd3 Rxa4 46. Re1 a5 47. Re7 Rxh4 48. Rxg7 Rb4 49. Rg5 Rb2 50. Kc3 Rf2 51. Rxh5 Rxg2 52. Rh7 Rg5 53. Kd4 Rd5+ 54. Kc4 Rf5 55. Rh1 Rf4+ 56. Kb3 Ka7 57. Rc1 Rxf3+ 58. Ka4 Ka6 59. Rc4 Rf1 60. Rh4 Rc1 61. Rh5 Rc4+ 62. Kb3 Kb5 63. Rh7 Rb4+ 64. Ka3 Kxc5 65. Rh5+ Kb6 66. Rh8 c5 67. Rh7 Kc6 68. Rg7 b6 69. Rg5 Kb5 70. Rh5 a4 71. Rh8 Rb3+ 72. Ka2 Kb4 73. Rh4+ c4 74. Rg4 a3 75. Rh4 Rb2+ 76. Ka1 Rg2 77. Rh8 b5 78. Rh1 c3 79. Rf1 Kb3 80. Kb1 b4 81. Rc1 Rb2+ 82. Ka1 Ra2+ 83. Kb1 c2+ 0-1

[Event "Landsturneringen 2023 - Mester"]
[Site "Oslo NOR"]
[Date "2023.07.07"]
[Round "8"]
[White "Hammari, Vinjar"]
[Black "Aamodt, Peder Marcus"]
[Result "1/2-1/2"]
[WhiteElo "2061"]
[BlackElo "2077"]
[PlyCount "31"]
[EventDate "2023.07.01"]

1. d4 d5 2. c4 c6 3. Nf3 Nf6 4. e3 e6 5. Bd3 Nbd7 6. O-O Bd6 7. Nbd2 O-O 8. e4
dxe4 9. Nxe4 Nxe4 10. Bxe4 h6 11. b3 e5 12. dxe5 Nxe5 13. Bb2 Qf6 14. Nxe5 Bxe5
15. Bxe5 Qxe5 16. Re1 1/2-1/2

[Event "Landsturneringen 2023 - Klasse 1"]
[Site "Oslo NOR"]
[Date "2023.07.01"]
[Round "1"]
[White "Lange, David"]
[Black "Svendsen, Per Gisle"]
[Result "1-0"]
[WhiteElo "1987"]
[BlackElo "1849"]
[PlyCount "83"]
[EventDate "2023.07.01"]

1. d4 f5 2. Nf3 Nf6 3. c4 g6 4. Nc3 Bg7 5. g3 O-O 6. Bg2 d6 7. O-O c6 8. Qb3 h6 9. Qc2 Qe8 10. e4 e5 11. dxe5 dxe5 12. Re1 fxe4 13. Nxe4 Nxe4 14. Qxe4 Bf5 15. Qe2 Nd7 16. Be3 Qf7 17. Nd2 Qe6 18. Ne4 Bg4 19. f3 Bh3 20. Rad1 Bxg2 21. Kxg2 Nf6 22. Rd6 Qf5 23. Bc5 Rf7 24. Rd2 Nxe4 25. Qxe4 b6 26. Bb4 Re8 27. Bc3 Kh7 28. Rd6 Ref8 29. Qxf5 Rxf5 30. Re3 h5 31. Rxc6 g5 32. Rc7 Kg6 33. Rxa7 g4 34. f4 Rd8 35. Rb7 Rd6 36. Re2 Rc6 37. b3 Bf8 38. Bxe5 Bc5 39. Rd2 Rf8 40. Rbd7 Re6 41. Bd6 Be3 42. Bxf8 1-0

[Event "Landsturneringen 2023 - Klasse 1"]
[Site "Oslo NOR"]
[Date "2023.07.02"]
[Round "2"]
[White "Larsen, David"]
[Black "Lange, David"]
[Result "1/2-1/2"]
[WhiteElo "1852"]
[BlackElo "1987"]
[PlyCount "49"]
[EventDate "2023.07.01"]

1. c4 Nf6 2. d4 e6 3. Nc3 d5 4. Nf3 b6 5. cxd5 exd5 6. Bg5 Be7 7. e3 O-O 8. Rc1 Bb7 9. Bd3 Nbd7 10. O-O c5 11. Re1 Re8 12. Bb1 Ne4 13. Bxe7 Qxe7 14. Ne2 Ndf6 15. Ng3 Rac8 16. dxc5 bxc5 17. Qa4 Bc6 18. Qa3 Ng4 19. Rc2 Bb5 20. Rec1 Ngf6 21. Nd4 Bc4 22. Nxe4 Nxe4 23. Nf3 Bb5 24. Nd4 Bc4 25. Nf3 1/2-1/2

[Event "Landsturneringen 2023 - Klasse 1"]
[Site "Oslo NOR"]
[Date "2023.07.02"]
[Round "3"]
[White "Lange, David"]
[Black "Gåsland, Lukas Dominik"]
[Result "1-0"]
[WhiteElo "1987"]
[BlackElo "1873"]
[PlyCount "71"]
[EventDate "2023.07.01"]

1. d4 Nf6 2. c4 g6 3. Nf3 Bg7 4. Nc3 d5 5. e3 O-O 6. cxd5 Nxd5 7. Bc4 Nxc3 8. bxc3 c5 9. O-O Bg4 10. h3 Bxf3 11. Qxf3 Nc6 12. Rb1 Qc7 13. Bd5 cxd4 14. cxd4 Rab8 15. Bxc6 bxc6 16. Ba3 Rb6 17. Qe4 Bf6 18. Bc5 Rxb1 19. Rxb1 Rb8 20. a4 Rb7 21. g3 Kg7 22. Kg2 e6 23. Qc2 h5 24. Rb4 Be7 25. Rxb7 Qxb7 26. Bxe7 Qxe7 27. Qxc6 Qd8 28. Qc5 Qa8+ 29. Kg1 h4 30. gxh4 Qf3 31. a5 Qxh3 32. Qe5+ Kh7 33. Qf4 Kg7 34. a6 Kg8 35. f3 Kg7 36. Qg4 1-0

[Event "Landsturneringen 2023 - Klasse 1"]
[Site "Oslo NOR"]
[Date "2023.07.03"]
[Round "4"]
[White "Lange, David"]
[Black "Heier, Odin Nikolai"]
[Result "1-0"]
[WhiteElo "1987"]
[BlackElo "1893"]
[PlyCount "55"]
[EventDate "2023.07.01"]

1. d4 d5 2. Nf3 Nf6 3. c4 e6 4. e3 Be7 5. Nc3 O-O 6. Bd3 b6 7. O-O Bb7 8. cxd5 exd5 9. Ne5 Nbd7 10. f4 c5 11. Bd2 Ne4 12. Rc1 cxd4 13. exd4 Nxe5 14. fxe5 Nxd2 15. Qxd2 Bg5 16. Qc2 Bxc1 17. Qxc1 h6 18. Rf6 Qe7 19. Qf4 Rfe8 20. Qf5 g6 21. Qf4 Kg7 22. Nb5 Rf8 23. Nd6 Bc8 24. h4 Qd7 25. Nf5+ Kg8 26. Qxh6 gxf5 27. Qg5+ Kh8 28. Rh6# 1-0

[Event "Landsturneringen 2023 - Klasse 1"]
[Site "Oslo NOR"]
[Date "2023.07.04"]
[Round "5"]
[White "Markussen, Petter Bjørnstad"]
[Black "Lange, David"]
[Result "1-0"]
[WhiteElo "1886"]
[BlackElo "1987"]
[PlyCount "103"]

1. d4 d5 2. Nf3 Nf6 3. g3 Bf5 4. Bg2 e6 5. c4 c6 6. Qb3 Qb6 7. c5 Qxb3 8. axb3
Na6 9. Na3 Nd7 10. Bd2 Nc7 11. b4 a6 12. Bf4 O-O-O 13. Nh4 Bg6 14. f3 Be7 15.
Nxg6 hxg6 16. g4 g5 17. Bg3 Nf8 18. e3 Ng6 19. Bf1 Bf6 20. Bd3 Nh4 21. Kf2 Rh6
22. Rhc1 Ng6 23. Nc2 Kd7 24. Ra5 Re8 25. b5 axb5 26. Ra7 Rb8 27. Nb4 Bd8 28.
Rca1 Ne7 29. e4 g6 30. Kg2 Nc8 31. R7a2 Bf6 32. e5 Be7 33. f4 b6 34. fxg5 Bxg5
35. cxb6 Rxb6 36. Rf1 Ke8 37. b3 Be7 38. Be1 Rh7 39. Rc2 Kd7 40. Rcf2 Ke8 41.
Rxf7 Rxf7 42. Bxg6 Na6 43. Nd3 c5 44. dxc5 Nxc5 45. Nxc5 Bxc5 46. Rxf7 Ne7 47.
Bh5 Kd7 48. g5 Rb8 49. h4 Rh8 50. Bg4 Bd4 51. Bb4 Re8 52. Bd6 1-0

[Event "Landsturneringen 2023 - Klasse 1"]
[Site "Oslo NOR"]
[Date "2023.07.05"]
[Round "6"]
[White "Lange, David"]
[Black "Solbu, Lasse Tveter"]
[Result "1-0"]
[WhiteElo "1987"]
[BlackElo "1878"]
[PlyCount "117"]

1. d4 e6 2. c4 f5 3. Nf3 Nf6 4. g3 Be7 5. Bg2 O-O 6. O-O d6 7. Nc3 Ne4 8. Qc2
Nxc3 9. Qxc3 a5 10. Qc2 Bf6 11. Rd1 Qe7 12. e4 fxe4 13. Qxe4 e5 14. dxe5 dxe5
15. Bd2 Bd7 16. Bc3 Bc6 17. Qe3 Nd7 18. Nd2 Bxg2 19. Kxg2 Qf7 20. f3 e4 21.
Nxe4 Bxc3 22. Qxc3 Ne5 23. Nd2 Rae8 24. Rf1 Qf5 25. Rae1 Qd3 26. Re3 Qxc3 27.
Rxc3 Rd8 28. Rc2 Rd3 29. Rf2 Nc6 30. b3 Nb4 31. Rb2 Re3 32. Nf1 Rc3 33. Rbd2
Nd3 34. Rfe2 Nb4 35. f4 a4 36. Re7 Nd3 37. bxa4 Ra8 38. Rxc7 Re8 39. Rxb7 Ne1+
40. Kh3 Nf3 41. Rdd7 Ng1+ 42. Kg4 Rxc4 43. Rxg7+ Kh8 44. Rxh7+ Kg8 45. Rbg7+
Kf8 46. Rh8+ Kxg7 47. Rxe8 Rxa4 48. Ne3 Rxa2 49. h4 Kf7 50. Re5 Rh2 51. Nf5 Kf6
52. h5 Nh3 53. Nh4 Nf2+ 54. Kf3 Nd3 55. Rf5+ Ke6 56. Ra5 Kf6 57. h6 Kf7 58. h7
Kg7 59. Ra7+ 1-0